| 000 | 01086cam a2200349 a 4500 | ||
|---|---|---|---|
| 001 | 426969 | ||
| 003 | OSt | ||
| 005 | 20260316144243.0 | ||
| 008 | 820113s1982 ilu b 001 0ceng | ||
| 010 | _a 81022578 | ||
| 020 | _a0802496938 | ||
| 020 | _a9780802496935 | ||
| 035 | _a426969 | ||
| 040 |
_aDLC _cDLC _dDLC |
||
| 050 | 0 | 0 |
_aBR1700.2 _b.M66 1982 |
| 082 | 0 | 0 |
_a270/.092/2 _aB _219 |
| 100 | 1 |
_aMoyer, Elgin Sylvester, _d1890- |
|
| 245 | 1 | 0 |
_aWycliffe biographical dictionary of the Church / _cby Elgin Moyer. |
| 250 |
_aRev. and enl. / _bby Earle E. Cairns. |
||
| 260 |
_aChicago : _bMoody Press, _cc1982. |
||
| 300 |
_axxx, 449 p. ; _c24 cm. |
||
| 336 |
_atext _btxt _2rdacontent |
||
| 337 |
_aunmediated _bn _2rdamedia |
||
| 338 |
_avolume _bnc _2rdacarrier |
||
| 500 | _aIncludes index. | ||
| 504 | _aBibliography: p. v-vi. | ||
| 650 | 0 |
_aChristian biography _xDictionaries. |
|
| 700 | 1 |
_aCairns, Earle Edwin, _d1910- |
|
| 906 |
_a7 _bcbc _corignew _d1 _eocip _f19 _gy-gencatlg |
||
| 942 |
_2lcc _cBK |
||
| 999 |
_c21473 _d21472 |
||